Propuesta de una reforma fiscal para Colombia : (Registro nro. 7626)
[ vista simple ]
| 000 -LEADER | |
|---|---|
| fixed length control field | 00885nam a2200217Ia 4500 |
| 003 - CONTROL NUMBER IDENTIFIER | |
| control field | OSt |
| 005 - DATE AND TIME OF LATEST TRANSACTION | |
| control field | 20210415110605.0 |
| 008 - FIXED-LENGTH DATA ELEMENTS--GENERAL INFORMATION | |
| fixed length control field | 210310s1974 ck gr 001 0 spa d |
| 040 ## - CATALOGING SOURCE | |
| Original cataloging agency | CO-JMCR |
| Transcribing agency | CO-JMCR |
| 041 1# - LANGUAGE CODE | |
| Language code of text/sound track or separate title | spa |
| Language code of original | eng |
| 082 04 - DEWEY DECIMAL CLASSIFICATION NUMBER | |
| Classification number | 336.205861 / |
| Item number | M987p |
| Edition number | 23 |
| 100 1# - MAIN ENTRY--PERSONAL NAME | |
| Personal name | Musgrave, Richard Abel, |
| 9 (RLIN) | 14980 |
| Relator term | autor |
| 245 10 - TITLE STATEMENT | |
| Title | Propuesta de una reforma fiscal para Colombia : |
| Remainder of title | informe final y documentos de trabajo de la Comisión de Reforma Tributaria / |
| Medium | Richard A. Musgrave ; editado por Malcolm Gillis ; versión en español por Miguel Urrutia |
| 260 ## - PUBLICATION, DISTRIBUTION, ETC. | |
| Place of publication, distribution, etc. | Bogotá : |
| Name of publisher, distributor, etc. | Banco de la República, |
| Date of publication, distribution, etc. | 1974 |
| 300 ## - PHYSICAL DESCRIPTION | |
| Other physical details | 3 volúmenes ; |
| Dimensions | 23 cm. |
| 500 ## - GENERAL NOTE | |
| General note | Incluye notas a pie de página e índice analítico. |
| 650 14 - SUBJECT ADDED ENTRY--TOPICAL TERM | |
| Topical term or geographic name entry element | Reforma tributaria |
| 9 (RLIN) | 14982 |
| Geographic subdivision | Colombia |
| 700 1# - ADDED ENTRY--PERSONAL NAME | |
| Personal name | Urrutia, Miguel, |
| Relator term | traductor |
| 9 (RLIN) | 7592 |
| 700 1# - ADDED ENTRY--PERSONAL NAME | |
| Personal name | Gillis, Malcolm, |
| Relator term | editor |
| 9 (RLIN) | 36878 |
| 942 ## - ADDED ENTRY ELEMENTS (KOHA) | |
| Source of classification or shelving scheme | Dewey Decimal Classification |
| Koha item type | Books |
| Withdrawn status | Lost status | Source of classification or shelving scheme | Damaged status | Not for loan | Collection code | Home library | Current library | Date acquired | Source of acquisition | Full call number | Barcode | Date last seen | Copy number | Koha item type | Total Checkouts | Price effective from |
|---|---|---|---|---|---|---|---|---|---|---|---|---|---|---|---|---|
| Dewey Decimal Classification | Non-fiction | Biblioteca Pública José María del Castillo y Rada | Biblioteca Pública José María del Castillo y Rada | 04/15/2018 | Donación | 336.205861 / M987p | 430003379 | 05/16/2024 | V.1 / Ej.1 | Books | ||||||
| Dewey Decimal Classification | Non-fiction | Biblioteca Pública José María del Castillo y Rada | Biblioteca Pública José María del Castillo y Rada | 04/15/2018 | Donación | 336.205861 / M987p | 430003382 | 05/16/2024 | V.2 / Ej.1 | Books | 04/15/2021 | |||||
| Dewey Decimal Classification | Non-fiction | Biblioteca Pública José María del Castillo y Rada | Biblioteca Pública José María del Castillo y Rada | 04/15/2018 | Donación | 336.205861 / M987p | 430003386 | 05/16/2024 | V.3 / Ej.1 | Books | 04/15/2021 | |||||
| Dewey Decimal Classification | Non-fiction | Biblioteca Pública José María del Castillo y Rada | Biblioteca Pública José María del Castillo y Rada | 04/15/2018 | Donación | 336.205861 / M987p | 430004586 | 05/16/2024 | V.1 / Ej.2 | Books | 04/15/2021 | |||||
| Dewey Decimal Classification | Non-fiction | Biblioteca Pública José María del Castillo y Rada | Biblioteca Pública José María del Castillo y Rada | 04/15/2018 | Donación | 336.205861 / M987p | 430003380 | 05/16/2024 | V.2 / Ej.2 | Books | 04/15/2021 | |||||
| Dewey Decimal Classification | Non-fiction | Biblioteca Pública José María del Castillo y Rada | Biblioteca Pública José María del Castillo y Rada | 04/15/2018 | Donación | 336.205861 / M987p | 430003384 | 05/16/2024 | V.3 / Ej.2 | Books | 04/15/2021 |